| 000 | 00463nam a2200169Ia 4500 | ||
|---|---|---|---|
| 999 |
_c28660 _d28660 |
||
| 003 | OSt | ||
| 005 | 20201130105043.0 | ||
| 008 | 190216s9999||||xx |||||||||||||| ||und|| | ||
| 020 | _a9788124015858 | ||
| 040 | _coclc | ||
| 082 |
_a920 _bGOV/S |
||
| 100 |
_aGovindan, S V _92066 |
||
| 245 | 0 |
_aSnehatheeram Thedi / _cS V Govindan |
|
| 260 |
_bCurrent Books, _aKottayam: _c2005. |
||
| 300 | _a236p | ||
| 942 |
_cBK _2ddc _h920 _iGOV/S _k920 _mGOV/S |
||